El Proceso de transformación capitalista socialista en Centroamérica

Αποθηκεύτηκε σε:
Λεπτομέρειες βιβλιογραφικής εγγραφής
Κύριος συγγραφέας: Tresierra, Julio
Μορφή: Κείμενο
Έκδοση: San José: CSUCA
Ετικέτες: Προσθήκη ετικέτας
Δεν υπάρχουν, Καταχωρήστε ετικέτα πρώτοι!

MARC

LEADER 00000 a a2200000 04500
001 20873
003
040 |a CRAI/IIS  |c CRAI/IIS 
090 |a 089402  
100 |a Tresierra, Julio  
245 |a El Proceso de transformación capitalista socialista en Centroamérica  
260 |a San José:   |b CSUCA  
300 |a 31 p.  
999 |c 14116  |d 14116